|
|
|
|
| LEADER |
01191nam a2200301 u 4500 |
| 001 |
10040894 |
| 003 |
upatras |
| 005 |
20210117195918.0 |
| 008 |
010831s1983 us eng |
| 020 |
|
|
|a 0300023898
|
| 040 |
|
|
|a GR-PaULI
|c GR-PaULI
|
| 041 |
0 |
|
|a eng
|
| 082 |
0 |
4 |
|a 720.92
|
| 100 |
1 |
|
|a Girouard, Mark
|9 8613
|
| 245 |
1 |
0 |
|a Robert Smythson and the elizabethan country house
|c Mark Girouard
|
| 260 |
|
|
|a New Haven
|b Yale University
|c 985
|
| 300 |
|
|
|a viii, 328 p.
|b phot.
|c 26 cm.
|
| 504 |
|
|
|a Includes index
|
| 600 |
1 |
4 |
|a Smythson- Robert
|d 1534-1614
|9 29724
|
| 650 |
|
4 |
|a Αρχιτεκτονική
|y 16ος αι.
|9 7965
|
| 650 |
|
4 |
|a Αρχιτεκτονική
|y 17ος αι.
|9 7966
|
| 650 |
|
4 |
|a Αρχιτεκτονική
|z Μεγάλη Βρετανία
|9 7571
|
| 650 |
|
4 |
|9 2
|a Αρχιτεκτονική, Οικιακή
|z Ελλάδα
|
| 852 |
|
|
|a GR-PaULI
|b ΠΑΤΡΑ
|b ΑΡΧΙΤΕΚΤΟΝΙΚΗ
|k ΑΣΧΞ-2
|h 720.92 SMY
|m 002051
|p 025000095040
|t 1
|
| 942 |
|
|
|2 ddc
|c BK15
|
| 952 |
|
|
|0 0
|1 0
|4 0
|6 720_920000000000000_SMY
|7 0
|9 28187
|a ARCH
|b ARCH
|d 2016-04-24
|i 002051
|l 0
|o 720.92 SMY
|p 025000095040
|r 2016-04-24 00:00:00
|t 1
|w 2016-04-24
|y BK15
|
| 998 |
|
|
|c MANIAKH
|d 2001-08
|
| 999 |
|
|
|c 17904
|d 17904
|